| 000 | 01330cam a22002175a 4500 | ||
|---|---|---|---|
| 001 | L144317 | ||
| 008 | 080710s2008 xxk f 000 0 eng d | ||
| 035 | _a(Sirsi) u144317 | ||
| 041 | 0 | _aeng | |
| 050 | 0 | 4 | _a333.32 $2 18 |
| 110 | 2 |
_aCushman and Wakefield _bBusiness Analytics Group Asia Pacific _95565 |
|
| 245 | 0 | 0 |
_aOvercoming hurdles to investment _breal estate in China's olympic year _h[electronic resource] |
| 260 |
_aShanghai _bCushman and Wakefield _c2008 |
||
| 505 | 2 | _aThe homebuyer market - hot despite cooling measures -- The development market - capital constraints -- Overseas investors - regulatory constraints -- Office property market -- Office investment opportunities -- Residential property market -- Residential investment opportunities -- Retail property market -- Retail investment opportunities -- Hotel market -- Hotel investment opportunities -- Industrial property market -- Industrial investment opportunities -- Conclusion - going for gold | |
| 521 | _aAdvanced | ||
| 590 | _aKA | ||
| 651 | 4 | _aChina | |
| 690 | _aPROPERTY-COMMERCIAL PROPERTY-PROPERTY MARKET | ||
| 856 | 4 | 0 |
_uhttps://www.cushwake.com/cwglobal/jsp/kcReportDetail.jsp?Country=GLOBAL&Language=EN&catId=100005&pId=c14600005p _zView the report free of charge (you will need to register) at www.cushmanandwakefield.com... |
| 942 | _n0 | ||
| 999 |
_c108453 _d108453 |
||